| 000 | 00848nam a2200253#a 4500 | ||
|---|---|---|---|
| 001 | 02363 | ||
| 003 | HDC | ||
| 007 | ta | ||
| 008 | 230623s2023 xx 000 0 eng d | ||
| 040 | _aHDC | ||
| 050 |
_aTP370 _b.H35 2014 |
||
| 110 |
_aHalal Industry Development Corporation, _e issuing body." |
||
| 245 | 0 |
_aHALAL & INNOVATION : _bCREATING NEW WEALTH TOWARDS THE NATION'S ECONOMY / _cHalal Industry Development Corporation |
|
| 650 |
_aLand settlement _zMalaysia. |
||
| 650 |
_aReal estate development _zMalaysia. |
||
| 650 |
_aRural development _zMalaysia. |
||
| 700 |
_aFelda Global Ventures Holdings Berhad, _eissuing body. |
||
| 700 |
_aFelda Global Ventures Holdings Berhad, _eissuing body. |
||
| 700 |
_aLembaga Kemajuan Tanah Persekutuan, _eissuing body. |
||
| 942 | _2lcc | ||
| 942 | _cBK | ||
| 942 | _kTP370 | ||
| 942 | _m.H35 2014 | ||
| 999 |
_c23922 _d23922 |
||